Fictional Maps Quiz Stats

Quiz Updated Jan 17, 2015

Challenge
Share
Tweet
Score 0/16 Timer 10:00
0 Plays Today
% Correct
Arda (Middle Earth)
92.4%
Land of Oz
81.4%
Panem
80.1%
Star Trek Known Space
72.4%
Neverland
67.3%
Westeros and Essos
65.7%
Narnia
51.7%
Kanto Region
46.1%
% Correct
Treasure Island
40.3%
Hades (Greek Underworld)
37.3%
The Four Nations
29.4%
Florin and Guilder
29.4%
Hyrule
27.9%
Camp Half-Blood
27.2%
Alagaƫsia
16.9%
Discworld
12.5%

You're not logged in!

Compare scores with friends on all Sporcle quizzes.
Join for Free
OR
Log In

You Might Also Like...

Show Comments

Extras

Top Quizzes Today


Score Distribution

Your Account Isn't Verified!

In order to create a playlist on Sporcle, you need to verify the email address you used during registration. Go to your Sporcle Settings to finish the process.

Report this User

Report this user for behavior that violates our Community Guidelines.

Details: